Fusion /

Bibliographic Details
Other Authors: Teller, Edward, 1908-2003
Format: Book
Language:English
Published: New York : Academic Press, 1981-
Subjects:

MARC

Tag First Indicator Second Indicator Subfields
LEADER 00000pam a2200000 a 4500
001 in00000074173
005 20151008060227.0
008 810715m19819999nyua b 00100 eng
010 |a  80069419  
020 |a 0126852014 (v. 1, pt. A) 
035 |a (OCoLC)07653675 
035 |9 AAJ5339AM 
039 0 |a 2  |b 3  |c 3  |d 3  |e 3 
040 |a DLC  |c DLC  |d TXA  |d UtOrBLW 
049 |a TXAM  |v 1  |p A [1406914]  |v 1  |p B [1502470] 
050 0 0 |a QC791  |b .F87 
082 0 |a 621.48/4  |2 19 
245 0 0 |a Fusion /  |c edited by Edward Teller. 
264 1 |a New York :  |b Academic Press,  |c 1981- 
300 |a volumes :  |b illustrations ;  |c 24 cm. 
336 |a text  |b txt  |2 rdacontent 
337 |a unmediated  |b n  |2 rdamedia 
338 |a volume  |b nc  |2 rdacarrier 
504 |a Includes bibliographies and index. 
505 1 |a v. 1. Magnetic confinement (2 v.) 
650 0 |a Nuclear fusion. 
700 1 |a Teller, Edward,  |d 1908-2003. 
999 |a MARS 
999 f f |s 8b3f7121-daac-3ac3-ae0c-be790c919815  |i 792a7fe3-4804-3f88-ab1a-733b32d23e52  |t 0 
952 f f |p normal  |a Texas A&M University  |b College Station  |c Sterling C. Evans Library  |d Evans: Library Stacks  |t 0  |e QC791 .F87  |h Library of Congress classification  |i unmediated -- volume  |k v.1:pt.B  |m A14806209340 
952 f f |p normal  |a Texas A&M University  |b College Station  |c Sterling C. Evans Library  |d Evans: Library Stacks  |t 0  |e QC791 .F87  |h Library of Congress classification  |i unmediated -- volume  |k v.1:pt.A  |m A14806209332 
998 f f |a QC791 .F87  |s v.1:pt.A-v.1:pt.B  |t 0  |l Evans: Library Stacks